Statistics for "Land" Countries v2

Click here to take the quiz!

General Stats

  • This quiz has been taken 20 times
  • The average score is 9 of 9

Answer Stats

Answer% Correct
Finland
100%
Ireland
100%
New Zealand
100%
Switzerland
100%
Netherlands
95%
Poland
95%
Thailand
95%
Solomon Islands
85%
Marshall Islands
80%

Score Distribution

Percentile by Number Answered

Percent of People with Each Score

Your Score History

You have not taken this quiz